000 00989nam0a2200289 4500
001 RU\NLR\BIBL_A\022289236
005 20250625185257.0
010 _910000
035 _a(NLR Aleph) 022289236
090 _a13323858
_c13323858
100 _a20240805d1939 |||y0rusy50 ca
101 0 _abua
102 _aRU
105 _ay z 000 y
181 0 _ai
_baxxe
182 0 _an
200 1 _aBLKZS-ai prograamma ba ustaav
_fредактор перевода : Ц. Б. Цыдендамбаев
203 _aТекст
_bвизуальный
_cнепосредственный
210 _aUlaan-Yde
_cBuriaad-Mongol gyrenei xeblel
_d1939
215 _a70 с.
_d12
541 1 _aПрограмма и устав Всесоюзного ленинского коммунистического союза молодежи
_zrus
686 1 _aФ75(2)10
702 1 _aЦыдендамбаев
_bЦ. Б.
_4340
852 _aNLR
_bОНЛ
_jБур./1-60
942 _cBOOK
980 _aNB